000 01269 a2200205 4500
001 36636
005 20260407155640.0
008 260407a1999 arg spa d
003 AR-UNSa-BCEJYS
040 _aAR-UNSa-BCEJYS
_bspa
_cAR-UNSa-BCEJYS
080 _a336.1
_xFinanzas Públicas. Finanzas del gobierno en general
245 1 0 _aDescentralización estatal y decisionismo fiscal
_penfoque crítico y propuestas a partir de la experiencia Argentina. 1960-1990
264 1 _aSanta Fe :
_bUniversidad Nacional del Litoral
_c1999
300 _a66 p.
_c25 cm.
505 _a1. Las vertientes discursivas de la descentralización estatal y la presencia estratégica de la dimensión fiscla. Ambiguedades y límites en la vertiente discursiva dominante de la descentralización fiscal - 2. Concentración, desconcentración y descentralización estatal. Análisis de las relaciones interjurisdiccionales en el caso argentino (1960-1990) desde el decisionismo fiscal - 3. Desde los límites de la vertiente discursiva dominante de la descentralización estatal-fiscal a la formulación de una alternativa. Explorando los caminos de la doble vía
041 _aspa
942 _cBK
590 _aniveau_biblio:m niveau_hierar:0
100 1 _aFernández, Víctor Ramiro
999 _c2671
_d2671